banner-ar

THE GLORY OF VENICE ART IN THE EIGHTEENTH CENTURY / (Record no. 14213)

MARC details
000 -الفاتح
حقل البيانات ثابتة الطول 00564nam a2200205Ia 4500
008 - عناصر البيانات ثابتة الطول - معلومات عامة
حقل البيانات ثابتة الطول 140319s9999 xx 000 0 eng d
040 ## - مصدر الفهرسة
وكالة الفهرسة الأصلية GCL /
وكالة النسخ GCL
082 04 - رقم تصنيف ديوى العشرى
رقم التصنيف 709.033
رقم المادة M G
100 1# - المدخل الرئيسى - إسم شخصى
الإسم الشخصى MARTINEAU, JANE
245 10 - بيان العنوان
العنوان THE GLORY OF VENICE ART IN THE EIGHTEENTH CENTURY /
بيان المسئوليه,etc MARTINEAU, JANE
700 1# - المدخل الاضافى - اسم شخصى
الإسم الشخصى ROBISON, ANDREW
260 ## - PUBLICATION, DISTRIBUTION, ETC. (IMPRINT)
تاريخ النشر أو التوزيع 1994
300 ## - الوصف المادى
التعداد 528 P
650 04 - المدخل الاضافى بالموضوع-مصطلح موضوعى
مصطلح موضوعي ARTS
650 04 - المدخل الاضافى بالموضوع-مصطلح موضوعى
مصطلح موضوعي MODERN ART
650 04 - المدخل الاضافى بالموضوع-مصطلح موضوعى
مصطلح موضوعي MODERN EUROPEN ART
650 04 - المدخل الاضافى بالموضوع-مصطلح موضوعى
مصطلح موضوعي ART, MODERN, 18 th CENTURY
942 ## - عناصر المدخل الإضافي( كوها)
مصدر التصنيف او مخطط الترفيف Dewey Decimal Classification
Koha [default] item type كتاب
260 ## - PUBLICATION, DISTRIBUTION, ETC. (IMPRINT)
-- [S.N] :
-- ANGLO EGYPTIAN BOOK SHOP ،
Holdings
حالة التراجع حالة الفقد حالة تلف ليس للاعارة المكان المؤقت الموقع الحالى تاريخ الاكتساب اجمالي اﻻعارات رقم الطلب الباركود تاريخ اخر مشاهدة تاريخ تفعيل السعر نوع وعاء كوها
        مكتبة القاهرة الكبرى مكتبة القاهرة الكبرى 03/26/2014   709.033\M G 26710 03/26/2014 03/26/2014 كتاب

Powered By

EGPV